000 003270000a22001090004500
090 _aAS
_bSeriadas
245 1 0 _aContribución al conocimiento de los Machiloidea de Colombia (<Archaeognatha: Insecta>)
041 0 _aEspaƱol
100 1 _aSturm, Helmut
_922334
942 _cARTICULO
773 1 _tCaldasia
_345
_h65
_q787-816
_d1983
_g13
999 _c14927
_d14927